La suma de los días / (Registro nro. 154)
[ vista simple ]
| 000 -LEADER | |
|---|---|
| fixed length control field | 01543nam a22001937a 4500 |
| 003 - CONTROL NUMBER IDENTIFIER | |
| control field | OSt |
| 005 - DATE AND TIME OF LATEST TRANSACTION | |
| control field | 20231215101459.0 |
| 008 - FIXED-LENGTH DATA ELEMENTS--GENERAL INFORMATION | |
| fixed length control field | 231211s2008 ag ||||| |||| 00| f spa d |
| 020 ## - INTERNATIONAL STANDARD BOOK NUMBER | |
| International Standard Book Number | 9789500728591 |
| 040 ## - CATALOGING SOURCE | |
| Transcribing agency | besoc |
| 100 1# - MAIN ENTRY--PERSONAL NAME | |
| Personal name | Allende, Isabel, |
| Dates associated with a name | (1942-), |
| Relator term | autor |
| 245 13 - TITLE STATEMENT | |
| Title | La suma de los días / |
| Statement of responsibility, etc. | Isabel Allende |
| 250 ## - EDITION STATEMENT | |
| Edition statement | 7a ed. |
| 260 ## - PUBLICATION, DISTRIBUTION, ETC. | |
| Place of publication, distribution, etc. | Buenos Aires : |
| Name of publisher, distributor, etc. | Sudamericana, |
| Date of publication, distribution, etc. | 2008 |
| 300 ## - PHYSICAL DESCRIPTION | |
| Extent | 368 p. |
| 520 ## - SUMMARY, ETC. | |
| Summary, etc. | Este libro narra con franqueza la historia reciente de la vida de la autora y la de su peculiar familia en California, en una casa abierta, llena de gente y de personajes literarios, y protegida por un espíritu: hijas perdidas, nietos y libros que nacen, éxitos y dolores, un viaje al mundo de las adicciones y otros a lugares remotos del mundo en busca de inspiración, junto a divorcios, encuentros, amores, separaciones, crisis de pareja y reconciliaciones. También es una historia de amor entre un hombre y una mujer maduros, que han salvado juntos muchos escollos sin perder ni la pasión ni el humor, y de una familia moderna, desgarrada por conflictos y unida, a pesar de todo, por el cariño y la decisión de salir adelante. Esta es la familia que descubrimos en Paula y que desciende de los personajes de La casa de los espíritus. Una obra al tiempo emotiva y escrita en el tono irónico y apasionado que caracteriza a la autora, en la que nos entrega la suma de sus días como mujer y como escritora. [Nota del editor] |
| 650 #4 - SUBJECT ADDED ENTRY--TOPICAL TERM | |
| Topical term or geographic name entry element | Literatura chilena |
| Form subdivision | Autobiografía |
| Chronological subdivision | Siglo XXI |
| 942 ## - ADDED ENTRY ELEMENTS (KOHA) | |
| Source of classification or shelving scheme | Universal Decimal Classification |
| Koha item type | Obra General |
| Suppress in OPAC | No |
| Withdrawn status | Lost status | Source of classification or shelving scheme | Damaged status | Not for loan | Collection | Home library | Current library | Date acquired | Total checkouts | Full call number | Barcode | Date last seen | Price effective from | Koha item type |
|---|---|---|---|---|---|---|---|---|---|---|---|---|---|---|
| Universal Decimal Classification | Colección General | Biblioteca Escuela de Ciencias Sociales | Biblioteca Escuela de Ciencias Sociales | 15/12/2023 | 82-94(83) AL432 | 000946 | 15/12/2023 | 15/12/2023 | Obra General |